El nacimiento del mundo moderno
Kaydedildi:
| Yazar: | |
|---|---|
| Materyal Türü: | Kitap |
| Dil: | İspanyolca |
| Baskı/Yayın Bilgisi: |
Buenos Aires
Javier Vergara
1992
|
| Konular: | |
| Etiketler: |
Etiketle
Etiket eklenmemiş, İlk siz ekleyin!
|
MARC
| LEADER | 00000nam a2200000 a 4500 | ||
|---|---|---|---|
| 001 | UCX6336 | ||
| 003 | CL-VaPUC | ||
| 008 | 930519e19920000AG |||||||||||||||||spa|d | ||
| 082 | 0 | 4 | |a 909.81 |b JOH |2 21 |
| 100 | |a Johnson, Paul |e author |9 582295 | ||
| 245 | 1 | 3 | |a El nacimiento del mundo moderno |
| 300 | |a 969 p | ||
| 942 | |c BK | ||
| 945 | |d 19930519 00:00:00 | ||
| 260 | |a Buenos Aires |b Javier Vergara |c 1992 | ||
| 650 | 0 | |a Historia moderna |9 268036 | |
| 650 | 7 | |a HISTORIA SIGLO 19 |2 CL-VaPUC |9 257187 | |
| 650 | 0 | |a Civilización moderna |9 265455 | |
| 583 | |a last modification |c 20180417 03:45:51 |k Rodrigo Vera | ||
| 999 | |c 226365 |d 226363 | ||
| 952 | |0 0 |1 0 |4 0 |6 909_810000000000000_JOH_1992 |7 0 |8 A |9 224656 |a BIBHIS |b BIBHIS |d 2019-11-15 |i 2934299 |o 909.81 JOH 1992 |p 2934299 |r 2025-01-20 |w 2019-11-15 |y BK |k HIS | ||